LEADER 01223nam a2200289 u 4500 001 000000044820 003 CaOOAMICUS 005 20070226114607.0 008 990510s1993 enk u000 u eng u 020 $a0521385970 035 $a10822689 040 $aPUL$bita$dPUL(R) 245 04$aThe Cambridge companion to Heidegger /$cedited by Charles B. Guignon. 260 $aCambridge :$bUniversity Press,$c1993 (1998 printing) 300 $axx, 389 p. ;$c23 cm 490 1 $aThe Cambridge companion 504 $aBibliografia: p. [358]-380. 600 14$aHeidegger, Martin,$d1889-1976$xCritica e interpretazione.$0(OLS)http://pul/subject/4941 700 1 $aGuignon, Charles B.$0(OLS)http://pul/name/32678 830 4$aThe Cambridge companion.$0(OLS)http://pul/title/60427 850 $aPUL 852 $aPUL$W1$xSL Filosofia 2$y80$mPhil A8 8$j60278$nBK-PRI$b $qStampati altre collocazioni$B60278$CPULBib$Z2$F60278 $H $81 941 1 $a10 961 $aINV: 79701 996 $6020$a0521385970$9(OLS)http://pul/number/55903 996 $6245$aThe Cambridge companion to Heidegger$9(OLS)http://pul/title/60443 996 $6260$aCambridge :$bUniversity Press$9(OLS)http://pul/publisher/49564 LEADER 01309nam a2200277 u 4500 001 000000059479 003 CaOOAMICUS 005 20070226120814.0 008 010702s1999 it u000 u spa u 035 $a10894765 040 $aPUL(R)$bita 100 1 $aOstos-Ávila, Alejandro.$0(OLS)http://pul/name/41017 245 10$aCalìstica filosofìa de lo bello, la belleza y la beldad de José Vasconcelos /$cauctore Alejandro Ostos-Ávila. 260 $aRomae :$b[s.n.],$c1999. 300 $a281 p. ;$c24 cm 500 $aIn testa al front.: "Pontificia Universitas Gregoriana. Facultas Philosophiae. 502 $aExcerpta ex diss. ad doctoratum -- Pontificia Universitas Gregoriana. Facultas Philosophiae, 1999. 504 $aBibliografia: p. 243-280. 600 14$aVasconcelos, José,$d1882-1959.$0(OLS)http://pul/subject/23162 710 2 $aPontificia Università Gregoriana.$bFacoltà di filosofia.$0(OLS)http://pul/name/40852 850 $aPUL 852 $aPUL$W1$xDP1 Tesi Pon. Univ. Gregoriana$y40$mTH PUG 4608$j77550$nBK-PRI$qTesi$B77550$CPULBib$Z2$F77550 $81 941 1 $a16 961 $aINV: 83789 996 $6245$aCalìstica filosofìa de lo bello, la belleza y la beldad de José Vasconcelos$9(OLS)http://pul/title/79633 996 $6260$aRomae :$b[s.n.]$9(OLS)http://pul/publisher/48223